000 00212nam a2200097Ia 4500
005 20251222114406.0
008 251222s1900||||xx |||||||||||||| ||spa||
082 _aDVD0010/S75/2005
245 0 _aMunich:
942 _cDVD
999 _c1833
_d1833